1457 1121 1729 1469 1751 1041 1176 1946 1679 1380 1576 1380 1242 1402 1501 1085 1482 1563 1479 1859 1437 1494 1127 1412 1346 1139 2000 1682 1808 1072 1797 1267 1364 1489 1863 1072 1247 1912 1006 1180 1116 1274 1840 1357 1041 1956 1588 1117 1053 1796 1953 1214 1434 1575 1450 1793 1075 1682 1023 1563 1470 1904 1742 1010 1626 1711 1674 1779 1050 1548 1109 1066 1408 1099 1788 1498 1181 1316 1421 1719 1133 1626 1354 1915 1759 1905 1804 1052 1720 1645 1815 1766 1544 1919 1409 1012 1066 1348 1043 BCNSPRNW ULIB Ver.6.0+V

เปลี่ยนเป็นภาษาไทย

Change to English
 แสดงรายละเอียดบรรณานุกรม
  กลับหน้าหลัก

Brief Record : Get Marc (ISO 2709) : E-mail record : QR code < ปิดหน้าต่าง
LEADER : 00000nam 2200000uu 4500
001    13399120971
003     ULIB
008    121029s2550||||th 000 0 tha d
020    ^a9749507215
050 04 ^aWS105^bศ243จ 2550
100 0  ^aศรีเรือน แก้วกังวาล
245 10 ^aจิตวิทยาเด็กที่มีลักษณะพิเศษ /^cโดย ศรีเรือน แก้วกังวาล
250    ^aพิมพ์ครั้งที่ 5
260    ^aกรุงเทพฯ :^bหมอชาวบ้าน,^c2550
300    ^a[30], 406 หน้า :^bภาพประกอบ ;^c21 ซม.
650  7 ^aจิตวิทยาเด็ก
650  7 ^aเด็กพิเศษ^xแง่จิตวิทยา
650  7 ^aเด็กปัญญาอ่อน
650  7 ^aเด็กออทิสติก
650  7 ^aอารมณ์
945    ^p350^l0^i16179
995    ^aกัณชพร
999 ^a ใช้งานได้ทุกระบบ
รายการนี้ยังไม่มีแท็ก
คุณยังไม่ได้ล็อกอิน คุณสามารถมีกิจกรรมร่วมกับเว็บไซต์ได้ แต่ต้องล็อกอินก่อน ::
  ล็อกอิน

รายการสื่อสารสนเทศ

ลำดับที่ ประเภท เลขเรียก/บาร์โค้ด สถานที่ สถานะ
- ไม่พบข้อมูล -

รายการใกล้เคียง
    ผู้แต่ง [ศรีเรือน แก้วกังวาล]

    หัวเรื่อง [จิตวิทยาเด็ก]
    หัวเรื่อง [เด็กปัญญาอ่อน]
    หัวเรื่อง [เด็กออทิสติก]
    หัวเรื่อง [อารมณ์]

BibComment


ยังไม่เคยถูกคอมเมนท์

คอมเมนท์ทรัพยากรรายการนี้
  คอมเมนท์: จิตวิทยาเด็กที่ม..


 Copyright 2026. Bcnsprnw @Library